Statistiken für Länder die nur ein Nachbarland haben

Klicken Sie hier um das Quiz zu spielen!

Allgemein

  • Dieses Quiz wurde 269 mal gespielt
  • Das Durchschnittsergebnis liegt bei 13 aus 17

Antwortstatistiken

Antwort% Korrekt
Kanada
88%
Lesotho
86%
Südkorea
86%
Vatikanstadt
85%
San Marino
84%
Irland
83%
Portugal
81%
Monaco
77%
Dänemark
76%
Haiti
72%
Dominikanische Republik
70%
Katar
69%
Papua Neuguinea
68%
Brunei
66%
Osttimor
62%
Gambia
62%
Vereinigtes Königreich
49%

Verteilung der Resultate

Perzentil nach korrekt beantworteten Fragen

Anzahl Personen mit jedem Resultat

Ihre Resultats-Entwicklung

Sie haben dieses Quiz noch nicht gespielt